| 000 | 01310nam a2200241Ia 4500 | ||
|---|---|---|---|
| 999 |
_c56208 _d56208 |
||
| 001 | 23309 | ||
| 003 | GE_BSU | ||
| 005 | 20251208150323.0 | ||
| 008 | 181216s1977||||ge |||||||||||||| ||geo|| | ||
| 040 | _cGE_BSU | ||
| 041 | _ageo | ||
| 080 | _a930(479.22)(092 ჯავახიშვილი, ი.) კ-83 | ||
| 245 |
_aკრებული მიძღვნილი აკადემიკოს ივანე ჯავახიშვილის დაბადების 100 წლისთავისადმი / _cრედ.: ა. კიკვიძე. |
||
| 264 |
_aთბილისი : _bგანათლება, _c1977. |
||
| 300 |
_a194 გვ. ; _c21 სმ. |
||
| 500 | _aგარეკანზე სათაური: ივანე ჯავახიშვილი 100 | ||
| 504 | _aბიბლიოგრაფია ტექსტების შენიშვნებში | ||
| 520 | _aგარეკანზე სათ.: ივანე ჯავახიშვილი 100. | ||
| 541 | _h1ლ. 46თ. | ||
| 700 |
_aკიკვიძე, ა. _eრედაქტორი _91511 |
||
| 710 |
_aსაქ. სსრ მეცნ. აკადემია _bსაქ. საისტ. სამეცნ. საზ-ბა. _926380 |
||
| 942 |
_cBK _2udc |
||